[Event "First Saturday 2009 augusztus FM-C"]
[Site "Budapest"]
[Date "2009.08.01"]
[Round "1"]
[White "Vinnay, Istvan"]
[Black "Mihajlova, Diana"]
[Result "1-0"]
[WhiteElo "1819"]
[BlackElo "1527"]
[PlyCount "31"]
[EventDate "2009.08.01"]

1. c4 e5 2. Nc3 Nc6 3. g3 f5 4. Bg2 Nf6 5. d3 Be7 6. e3 f4 7. exf4 O-O 8. Nge2
d6 9. O-O Bg4 10. Qd2 Bxe2 11. Nxe2 Qe8 12. a3 Rd8 13. b4 b6 14. Bb2 exf4 15.
Nxf4 Nd7 16. Bxc6 1-0

[Event "First Saturday 2009 augusztus FM-C"]
[Site "Budapest"]
[Date "2009.08.01"]
[Round "1"]
[White "Jorgensen, Orla  E"]
[Black "Kantor, Gergely"]
[Result "0-1"]
[WhiteElo "1660"]
[BlackElo "1732"]
[PlyCount "64"]
[EventDate "2009.08.01"]

1. f4 c5 2. Nf3 Nc6 3. e4 g6 4. Nc3 Bg7 5. Bb5 Nd4 6. e5 Nxb5 7. Nxb5 a6 8. Nc3
d5 9. d4 cxd4 10. Qxd4 e6 11. b3 Ne7 12. Ba3 O-O 13. g4 Nc6 14. Qd3 Re8 15. Rd1
b5 16. Bd6 Qa5 17. h4 Bb7 18. Nd4 Rac8 19. Nde2 d4 20. h5 dxc3 21. hxg6 fxg6
22. Qh3 h6 23. f5 exf5 24. gxf5 Nxe5 25. Bxe5 Rxe5 26. Rd7 Bxh1 27. f6 Bf8 28.
Qg3 Rg5 29. Qe3 Rc6 30. Rg7+ Bxg7 31. fxg7 Qd8 32. Nf4 Qd2+ 0-1

[Event "First Saturday 2009 augusztus FM-C"]
[Site "Budapest"]
[Date "2009.08.01"]
[Round "1"]
[White "Solti, Gergely"]
[Black "Fenyvesi, Tamas"]
[Result "1-0"]
[WhiteElo "1839"]
[BlackElo "1794"]
[PlyCount "75"]
[EventDate "2009.08.01"]

1. e4 e6 2. d4 d5 3. Nc3 dxe4 4. Nxe4 Nf6 5. Nxf6+ Qxf6 6. Nf3 h6 7. Bd3 Bd6 8.
O-O O-O 9. c3 Nd7 10. Nd2 e5 11. Ne4 Qe7 12. Nxd6 cxd6 13. Re1 Nf6 14. dxe5
dxe5 15. Qe2 Re8 16. h3 Bd7 17. Be3 Bc6 18. Bb5 Qc7 19. Rad1 a6 20. Bxc6 Qxc6
21. Qd3 Qa4 22. Qf5 Qe4 23. Qxe4 Nxe4 24. Rd7 b5 25. Bxh6 Nxc3 26. Bxg7 Nxa2
27. Bf6 e4 28. Be7 b4 29. Rxe4 Rac8 30. Rg4+ Kh7 31. Bxb4 Rc1+ 32. Kh2 Nxb4 33.
Rxf7+ Kh6 34. Rxb4 Rc2 35. Rb6+ Kg5 36. Kg3 Rg8 37. h4+ Kh5+ 38. Kh3 1-0

[Event "First Saturday 2009 augusztus FM-C"]
[Site "Budapest"]
[Date "2009.08.01"]
[Round "1"]
[White "Szoukup, Istvan"]
[Black "Simon, Tamas"]
[Result "0-1"]
[WhiteElo "1783"]
[BlackElo "1808"]
[PlyCount "114"]
[EventDate "2009.08.01"]

1. e4 e6 2. d4 d5 3. Nc3 Nf6 4. e5 Nfd7 5. f4 c5 6. Nf3 Nc6 7. Be3 Qb6 8. Na4
Qa5+ 9. Nc3 Qb4 10. a3 Qb6 11. Na4 Qa5+ 12. Nc3 b6 13. Bd2 Nxd4 14. Nxd5 Qa4
15. Nc7+ Kd8 16. b3 Nxb3 17. Nxe6+ fxe6 18. cxb3 Qe4+ 19. Qe2 Qc2 20. Qd3 Qb2
21. Qc3 Qxc3 22. Bxc3 Bb7 23. Ng5 Ke7 24. Kf2 h6 25. Nf3 g5 26. fxg5 Bxf3 27.
gxf3 hxg5 28. Bb5 Bg7 29. Rad1 Rad8 30. Bxd7 Rxd7 31. Rxd7+ Kxd7 32. Rd1+ Ke7
33. Rh1 Rd8 34. Ke2 Rf8 35. h4 Rf5 36. hxg5 Bxe5 37. Rh7+ Kd6 38. Bd2 a6 39. g6
Rf6 40. g7 Rg6 41. Bh6 Kd5 42. Rh8 Bxg7 43. Rg8 Rxh6 44. Rxg7 Kd4 45. Rd7+ Kc3
46. Rd3+ Kb2 47. a4 e5 48. Ke3 Rh4 49. Rd6 Rb4 50. a5 Rxb3+ 51. Ke4 bxa5 52.
Rxa6 Rb5 53. Kxe5 c4+ 54. Kd4 c3 55. Kc4 Rb4+ 56. Kc5 c2 57. Rxa5 Rb8 0-1

[Event "First Saturday 2009 augusztus FM-C"]
[Site "Budapest"]
[Date "2009.08.01"]
[Round "1"]
[White "Mendege, Andras"]
[Black "Hetesi, Zoltan"]
[Result "1-0"]
[WhiteElo "1821"]
[BlackElo "1509"]
[PlyCount "69"]
[EventDate "2009.08.01"]

1. e4 e6 2. d4 c6 3. Nf3 d5 4. e5 c5 5. c3 Nc6 6. Be2 cxd4 7. cxd4 Nge7 8. O-O
Ng6 9. Nc3 Bd7 10. a3 a6 11. b4 Rc8 12. Na4 b5 13. Nc5 Bxc5 14. bxc5 O-O 15.
Bd3 Nh4 16. Ng5 h6 17. Qh5 Nf5 18. Bxf5 exf5 19. Nf3 Qe7 20. Rd1 f6 21. exf6
Qxf6 22. Bf4 Rfe8 23. Be5 Nxe5 24. Nxe5 Bc6 25. f4 Re6 26. Qf3 Rd8 27. Rf1 a5
28. Qc3 a4 29. Rae1 Rde8 30. Re3 g5 31. fxg5 hxg5 32. Ref3 f4 33. h4 Rf8 34.
Qd2 Qf5 35. hxg5 1-0

[Event "First Saturday 2009 augusztus FM-C"]
[Site "Budapest"]
[Date "2009.08.01"]
[Round "1"]
[White "Farkas, Richard"]
[Black "Fabian, Laszlo"]
[Result "1-0"]
[WhiteElo "1818"]
[BlackElo "1777"]
[PlyCount "107"]
[EventDate "2009.08.01"]

1. e4 e5 2. Nf3 Nc6 3. Bb5 Nf6 4. O-O Be7 5. Nc3 d6 6. d4 O-O 7. Bxc6 bxc6 8.
dxe5 Ng4 9. Bf4 Ba6 10. Re1 dxe5 11. Qxd8 Raxd8 12. Nxe5 Nxe5 13. Bxe5 Rd2 14.
Rad1 Rxc2 15. Rc1 Rxc1 16. Rxc1 Bd6 17. Bd4 c5 18. Be3 f5 19. e5 Bxe5 20. Bxc5
Re8 21. Bxa7 Bd6 22. a3 Bb7 23. f3 Bf4 24. Rd1 Re6 25. Rd8+ Kf7 26. Rd7+ Kg6
27. Bd4 Bh6 28. Rxc7 Ba6 29. Kf2 Kh5 30. b4 Bd3 31. b5 Bd2 32. b6 Be1+ 33. Kg1
Bxc3 34. Rxc3 Re1+ 35. Kf2 Rf1+ 36. Kg3 Ba6 37. Rc7 Rd1 38. Bf2 g5 39. Rxh7+
Kg6 40. Rc7 Rb1 41. a4 Rb2 42. Bd4 f4+ 43. Kh3 Rb4 44. Bc3 Rxb6 45. a5 Rd6 46.
Kg4 Kh6 47. h4 gxh4 48. Kxf4 Bf1 49. Rb7 Rg6 50. Rb6 Bxg2 51. Rxg6+ Kxg6 52. a6
h3 53. Kg3 h2 54. Kxg2 1-0

[Event "First Saturday 2009 augusztus FM-C"]
[Site "Budapest"]
[Date "2009.08.02"]
[Round "2"]
[White "Mihajlova, Diana"]
[Black "Fabian, Laszlo"]
[Result "0-1"]
[WhiteElo "1527"]
[BlackElo "1777"]
[PlyCount "60"]
[EventDate "2009.08.01"]

1. Nf3 Nc6 2. c4 e5 3. e4 Nf6 4. Nc3 a6 5. d4 exd4 6. Nxd4 Bb4 7. Nxc6 bxc6 8.
Qd3 O-O 9. Bd2 Re8 10. Be2 Bxc3 11. Bxc3 Nxe4 12. Bd4 c5 13. Be3 Rb8 14. Rb1 d6
15. O-O Bf5 16. Rfd1 Ng3 17. Qd2 Nxe2+ 18. Qxe2 Bxb1 19. Rxb1 Qe7 20. Qd2 Qe4
21. Re1 Qxc4 22. f3 Qb4 23. Qc1 d5 24. Rd1 d4 25. Bd2 Qb5 26. Re1 Rxe1+ 27.
Qxe1 Re8 28. Qb1 Qe2 29. Qc1 d3 30. g3 h6 0-1

[Event "First Saturday 2009 augusztus FM-C"]
[Site "Budapest"]
[Date "2009.08.02"]
[Round "2"]
[White "Gecse, Lajos"]
[Black "Farkas, Richard"]
[Result "1-0"]
[WhiteElo "1644"]
[BlackElo "1818"]
[PlyCount "49"]
[EventDate "2009.08.01"]

1. e4 e6 2. d4 d5 3. Nd2 dxe4 4. Nxe4 Nd7 5. Nf3 Ngf6 6. Bd3 c5 7. c4 cxd4 8.
Nxd4 Ne5 9. Nxf6+ Qxf6 10. Be2 Bd7 11. O-O O-O-O 12. Be3 h5 13. Qd2 Be7 14. Qa5
a6 15. b4 Rdg8 16. b5 Bd8 17. Qa3 a5 18. Qc5+ Kb8 19. f4 Ng4 20. Nc6+ Bxc6 21.
Qa7+ Kc8 22. bxc6 Qe7 23. Rab1 Nxe3 24. Rxb7 Bc7 25. Qa8+ 1-0

[Event "First Saturday 2009 augusztus FM-C"]
[Site "Budapest"]
[Date "2009.08.02"]
[Round "2"]
[White "Simon, Tamas"]
[Black "Mendege, Andras"]
[Result "1-0"]
[WhiteElo "1808"]
[BlackElo "1821"]
[PlyCount "103"]
[EventDate "2009.08.01"]

1. d4 Nf6 2. c4 g6 3. Nc3 d5 4. cxd5 Nxd5 5. e4 Nxc3 6. bxc3 Bg7 7. Bc4 O-O 8.
Ne2 b6 9. O-O Bb7 10. Qd3 Nd7 11. f4 e6 12. a4 a5 13. f5 gxf5 14. exf5 Bd5 15.
fxe6 fxe6 16. Rxf8+ Qxf8 17. Bxd5 exd5 18. Ba3 Qe8 19. Nf4 Nf6 20. Qf3 Rd8 21.
Rf1 Ne4 22. Nh5 Nd2 23. Qg4 Qg6 24. Qxg6 hxg6 25. Nxg7 Nxf1 26. Ne6 Re8 27.
Nxc7 Re1 28. Kf2 Rb1 29. Nxd5 Nxh2 30. Ne3 Ra1 31. Bd6 Rxa4 32. Bxh2 b5 33. Ke2
b4 34. cxb4 Rxb4 35. Nc2 Rb3 36. Bd6 Kf7 37. d5 Ke8 38. Nd4 Rb2+ 39. Kf3 Rd2
40. Bc5 a4 41. Ne6 a3 42. Bxa3 Rd3+ 43. Kg4 Rxa3 44. Nf4 Kf7 45. Kg5 Ra5 46.
Kh6 Kf6 47. g4 Ra8 48. Nxg6 Rg8 49. g5+ Kf7 50. Ne5+ Ke7 51. g6 Rxg6+ 52. Nxg6+
1-0

[Event "First Saturday 2009 augusztus FM-C"]
[Site "Budapest"]
[Date "2009.08.02"]
[Round "2"]
[White "Fenyvesi, Tamas"]
[Black "Szoukup, Istvan"]
[Result "1-0"]
[WhiteElo "1794"]
[BlackElo "1783"]
[PlyCount "103"]
[EventDate "2009.08.01"]

1. d4 Nf6 2. c4 e6 3. Nf3 b6 4. Nc3 Bb7 5. Bg5 Be7 6. e3 O-O 7. Be2 d5 8. cxd5
Nxd5 9. Bxe7 Qxe7 10. Nxd5 Bxd5 11. O-O Rd8 12. Qc2 Nd7 13. Rfc1 c5 14. Qc3 Nf6
15. dxc5 Ne4 16. Qa3 Nxc5 17. Nd4 Qg5 18. Bf3 Bxf3 19. Nxf3 Qf5 20. Qc3 Qd3 21.
Nd4 Rac8 22. Rc2 Qxc3 23. Rxc3 Ne4 24. Rxc8 Rxc8 25. Rd1 Nd2 26. b3 Kf8 27. f3
e5 28. Rxd2 exd4 29. exd4 Ke7 30. Kf2 Ke6 31. Ke3 Kd5 32. g4 h6 33. h4 f6 34.
Kf4 Re8 35. Kf5 Re3 36. f4 Re4 37. h5 Re7 38. Rd3 b5 39. Rd2 b4 40. Rc2 Rb7 41.
Rc4 Kd6 42. Kg6 Kd5 43. Rc8 Kxd4 44. Rg8 Ke4 45. f5 Kf4 46. Rxg7 Rb6 47. Rf7
Ra6 48. Rxf6 Rxa2 49. Rc6 a5 50. f6 Kxg4 51. f7 Rf2 52. Rf6 1-0

[Event "First Saturday 2009 augusztus FM-C"]
[Site "Budapest"]
[Date "2009.08.02"]
[Round "2"]
[White "Kantor, Gergely"]
[Black "Solti, Gergely"]
[Result "0-1"]
[WhiteElo "1732"]
[BlackElo "1839"]
[PlyCount "78"]
[EventDate "2009.08.01"]

1. e4 c5 2. b3 Nc6 3. Bb2 e6 4. f4 d5 5. Nc3 d4 6. Nce2 Nf6 7. d3 e5 8. Nf3 Bd6
9. Qd2 Ng4 10. O-O-O Ne3 11. fxe5 Nxd1 12. exd6 Nxb2 13. Kxb2 Qxd6 14. g3 O-O
15. Bg2 b5 16. c3 Rb8 17. cxd4 cxd4 18. Rc1 a5 19. Qf4 Qxf4 20. gxf4 Nb4 21.
Rd1 Rd8 22. Nexd4 Bg4 23. a3 Bxf3 24. Bxf3 Rxd4 25. axb4 Rxb4 26. d4 a4 27. Rd3
Rc8 28. Ka3 Rxb3+ 29. Rxb3 axb3 30. Kxb3 Rc4 31. d5 Kf8 32. f5 f6 33. Be2 Rxe4
34. Bxb5 Re5 35. Kc4 Ke7 36. Kc5 Rxf5 37. Kc6 Kd8 38. Bd3 Rh5 39. d6 Rxh2 0-1

[Event "First Saturday 2009 augusztus FM-C"]
[Site "Budapest"]
[Date "2009.08.02"]
[Round "2"]
[White "Vinnay, Istvan"]
[Black "Jorgensen, Orla  E"]
[Result "0-1"]
[WhiteElo "1819"]
[BlackElo "1660"]
[PlyCount "80"]
[EventDate "2009.08.01"]

1. c4 Nf6 2. Nc3 g6 3. d4 d5 4. cxd5 Nxd5 5. e4 Nxc3 6. bxc3 Bg7 7. Bc4 O-O 8.
Ne2 c6 9. O-O Nd7 10. Be3 e6 11. Qd2 Nf6 12. f3 b5 13. Bb3 Re8 14. Rfd1 a5 15.
a3 Bb7 16. Qc2 Rc8 17. Bf2 Nh5 18. Rab1 a4 19. Ba2 Qd6 20. Ra1 Red8 21. Qd3 Bh6
22. Be3 Nf4 23. Bxf4 Bxf4 24. Nxf4 Qxf4 25. Qd2 Qd6 26. Qb2 Qc7 27. Rac1 Ba6
28. c4 bxc4 29. Bxc4 Rb8 30. Qc2 Bxc4 31. Qxc4 Rdc8 32. Rb1 Rxb1 33. Rxb1 Rb8
34. Rb4 Rxb4 35. Qxb4 Qa7 36. Kf2 Qa6 37. Kg3 Qb5 38. Qc5 Kg7 39. Kf4 Kf6 40.
Qf8 Qg5# 0-1

[Event "First Saturday 2009 augusztus FM-C"]
[Site "Budapest"]
[Date "2009.08.03"]
[Round "3"]
[White "Jorgensen, Orla  E"]
[Black "Mihajlova, Diana"]
[Result "1-0"]
[WhiteElo "1660"]
[BlackElo "1527"]
[PlyCount "63"]
[EventDate "2009.08.01"]

1. f4 g6 2. Nf3 Bg7 3. e4 d6 4. Bc4 d5 5. Bxd5 f5 6. d4 Nf6 7. Nc3 c6 8. Bb3
fxe4 9. Ng5 Bg4 10. Qd2 Nd5 11. Ngxe4 Nxc3 12. bxc3 b5 13. h3 Bf5 14. Qe3 Bxe4
15. Qxe4 Rf8 16. Ba3 Bf6 17. O-O a5 18. f5 g5 19. Rad1 Qc7 20. d5 a4 21. d6
Qb6+ 22. Kh1 axb3 23. dxe7 Rxa3 24. Rd8+ Qxd8 25. exd8=Q+ Kxd8 26. Rd1+ Kc7 27.
axb3 b4 28. Qxb4 Bxc3 29. Qxf8 Ra1 30. Rxa1 Bxa1 31. Qe7+ Kb6 32. Qxg5 1-0

[Event "First Saturday 2009 augusztus FM-C"]
[Site "Budapest"]
[Date "2009.08.03"]
[Round "3"]
[White "Solti, Gergely"]
[Black "Vinnay, Istvan"]
[Result "0-1"]
[WhiteElo "1839"]
[BlackElo "1819"]
[PlyCount "106"]
[EventDate "2009.08.01"]

1. e4 c5 2. d4 cxd4 3. c3 dxc3 4. Nxc3 Nc6 5. Nf3 d6 6. Bc4 Nf6 7. O-O e6 8.
Qe2 Be7 9. Rd1 Qc7 10. Bf4 a6 11. e5 dxe5 12. Nxe5 Nxe5 13. Bxe5 Qa5 14. b4
Bxb4 15. Bxf6 gxf6 16. Nd5 Be7 17. Nxe7 Kxe7 18. Qd3 Rd8 19. Qxh7 Bd7 20. Qb1
b5 21. Be2 Bc6 22. Rxd8 Rxd8 23. Qc1 Qb6 24. Qa3+ Ke8 25. Qc3 Ke7 26. Rc1 Bd5
27. Qc7+ Qxc7 28. Rxc7+ Rd7 29. Rxd7+ Kxd7 30. a3 Be4 31. f3 Bh7 32. g4 Kc6 33.
Kf2 a5 34. Ke3 Kc5 35. Bd3 Bxd3 36. Kxd3 b4 37. axb4+ axb4 38. h4 Kd6 39. h5
Ke7 40. Kc4 Kf8 41. Kxb4 Kg7 42. Kc5 Kh6 43. Kd6 f5 44. gxf5 exf5 45. Ke5 Kg5
46. f4+ Kxh5 47. Kxf5 Kh4 48. Kf6 Kg4 49. Ke5 f5 50. Kd4 Kxf4 51. Kd3 Kf3 52.
Kd2 f4 53. Ke1 Kg2 0-1

[Event "First Saturday 2009 augusztus FM-C"]
[Site "Budapest"]
[Date "2009.08.03"]
[Round "3"]
[White "Szoukup, Istvan"]
[Black "Kantor, Gergely"]
[Result "0-1"]
[WhiteElo "1783"]
[BlackElo "1732"]
[PlyCount "42"]
[EventDate "2009.08.01"]

1. e4 c5 2. Nf3 d6 3. d4 cxd4 4. Nxd4 Nf6 5. Nc3 g6 6. Be3 Bg7 7. f3 O-O 8. Qd2
Nc6 9. O-O-O d5 10. exd5 Nxd5 11. Nxc6 bxc6 12. Nxd5 cxd5 13. Qxd5 Qc7 14. Qxa8
Bf5 15. Qxf8+ Kxf8 16. Bc5 Bh6+ 17. Kb1 Qxc5 18. Bd3 Bxd3 19. Rxd3 Qf2 20. Rdd1
Qxg2 21. Rdf1 Bf4 0-1

[Event "First Saturday 2009 augusztus FM-C"]
[Site "Budapest"]
[Date "2009.08.03"]
[Round "3"]
[White "Mendege, Andras"]
[Black "Fenyvesi, Tamas"]
[Result "1/2-1/2"]
[WhiteElo "1821"]
[BlackElo "1794"]
[PlyCount "73"]
[EventDate "2009.08.01"]

1. e4 e6 2. d4 d5 3. Nc3 dxe4 4. Nxe4 Nf6 5. Bg5 Be7 6. Bxf6 Bxf6 7. Nf3 Nd7 8.
c3 O-O 9. Bd3 e5 10. dxe5 Nxe5 11. Nxe5 Bxe5 12. O-O b6 13. Qc2 Bb7 14. f4 Bd4+
15. Kh1 f5 16. Ng5 Bxg2+ 17. Kxg2 Qd5+ 18. Kg3 Be3 19. Qb3 Qxb3 20. axb3 h6 21.
Bc4+ Kh8 22. Nf7+ Kh7 23. b4 Rfe8 24. Rad1 g5 25. fxg5 f4+ 26. Kf3 hxg5 27.
Nxg5+ Kg6 28. Nf7 a5 29. Ra1 Bd2 30. bxa5 bxa5 31. Rad1 Be3 32. h4 a4 33. Rb1
a3 34. h5+ Kf6 35. bxa3 Rxa3 36. h6 Rxc3 37. Ba2 1/2-1/2

[Event "First Saturday 2009 augusztus FM-C"]
[Site "Budapest"]
[Date "2009.08.03"]
[Round "3"]
[White "Farkas, Richard"]
[Black "Hetesi, Zoltan"]
[Result "1-0"]
[WhiteElo "1818"]
[BlackElo "1509"]
[PlyCount "133"]
[EventDate "2009.08.01"]

1. e4 e6 2. d4 d5 3. Nd2 c5 4. Ngf3 Nc6 5. Bb5 Nf6 6. Ne5 Bd7 7. Nxd7 Qxd7 8.
exd5 Qxd5 9. Nf3 Qe4+ 10. Qe2 Qxe2+ 11. Kxe2 Rc8 12. Be3 cxd4 13. Nxd4 Nd5 14.
Nxc6 bxc6 15. Ba4 Nxe3 16. Kxe3 Bc5+ 17. Ke2 O-O 18. Rad1 Rb8 19. b3 Bb4 20.
Bxc6 Rbc8 21. Be4 e5 22. c4 Rcd8 23. Bd5 Rd6 24. Rd3 Ra6 25. a4 Re8 26. Rf3 Rf8
27. Rd1 g6 28. h4 Kg7 29. g4 f5 30. gxf5 Rxf5 31. Rxf5 gxf5 32. Rc1 Bc5 33. Rb1
Bb4 34. Kd3 Rh6 35. Rg1+ Kf6 36. Rh1 Ke7 37. f3 Kd6 38. Ke3 Kc5 39. Bb7 Kb6 40.
Bc8 Bc5+ 41. Kd3 Rd6+ 42. Kc3 Bd4+ 43. Kc2 Rf6 44. b4 Rc6 45. c5+ Bxc5 46. Bd7
Bxb4+ 47. Bxc6 Kxc6 48. Rg1 Be7 49. Rg7 Bxh4 50. Rxh7 Bf2 51. Rf7 f4 52. Kd3
Kd5 53. Rd7+ Kc6 54. Rd8 Kb6 55. Rd5 Bd4 56. Kc4 Ba1 57. Rb5+ Kc6 58. Kd3 Kd6
59. Ke4 Ke6 60. Rb1 Bd4 61. Rd1 Be3 62. Rd5 Bd4 63. Rxd4 exd4 64. Kxd4 Kf5 65.
Kd5 a6 66. Kd4 Ke6 67. Ke4 1-0

[Event "First Saturday 2009 augusztus FM-C"]
[Site "Budapest"]
[Date "2009.08.03"]
[Round "3"]
[White "Fabian, Laszlo"]
[Black "Gecse, Lajos"]
[Result "1-0"]
[WhiteElo "1777"]
[BlackElo "1644"]
[PlyCount "75"]
[EventDate "2009.08.01"]

1. e4 c5 2. Nc3 a6 3. a4 d6 4. Bc4 e6 5. Nf3 Nc6 6. O-O g6 7. d4 cxd4 8. Nxd4
Bg7 9. Nxc6 bxc6 10. Bb3 Bb7 11. Be3 Nf6 12. f3 O-O 13. Qd2 Qc7 14. a5 c5 15.
Qe2 d5 16. exd5 exd5 17. Bf2 Rae8 18. Qd2 d4 19. Ne2 Nd5 20. Bg3 Qd7 21. Rfe1
Bc6 22. Kh1 Be5 23. Qg5 Bg7 24. Ng1 Ne3 25. Qxc5 Nf5 26. Bf2 Rb8 27. Rad1 Rb5
28. Qa3 Rfb8 29. g4 Bf8 30. Qa2 Nh6 31. Rxd4 Qc7 32. Bg3 Qa7 33. Rc4 Rc8 34.
Rf4 Bd6 35. Rxf7 Nxf7 36. Bxd6 Kg7 37. Re7 Qf2 38. Rxf7+ 1-0

[Event "First Saturday 2009 augusztus FM-C"]
[Site "Budapest"]
[Date "2009.08.04"]
[Round "4"]
[White "Mihajlova, Diana"]
[Black "Gecse, Lajos"]
[Result "0-1"]
[WhiteElo "1527"]
[BlackElo "1644"]
[PlyCount "102"]
[EventDate "2009.08.01"]

1. Nf3 c5 2. c4 d6 3. Nc3 a6 4. d4 cxd4 5. Nxd4 e6 6. e4 g6 7. Be3 Bg7 8. Qd2
Nf6 9. Bh6 O-O 10. Bxg7 Kxg7 11. h4 h5 12. Be2 e5 13. Nb3 Bg4 14. f3 Be6 15.
Nd5 Nbd7 16. Qe3 Rc8 17. Rg1 Nh7 18. Rh1 Nhf6 19. Kf2 Bxd5 20. exd5 Nb6 21. Nd2
e4 22. f4 Nxc4 23. Nxc4 Rxc4 24. Rad1 Rc2 25. Qd4 Kh7 26. Kf1 Re8 27. Rd2 Rc1+
28. Rd1 Rxd1+ 29. Qxd1 e3 30. f5 Ne4 31. fxg6+ fxg6 32. Qe1 Rf8+ 33. Bf3 Qb6
34. Kg1 Nd2 35. Be2 Qxb2 36. Rh3 Qe5 37. Bd3 Re8 38. Rg3 Rg8 39. Rxe3 Qb2 40.
Qe2 Kh6 41. Rg3 Qd4+ 42. Re3 Rf8 43. Qxd2 Re8 44. Kf2 Qxh4+ 45. Rg3+ g5 46. Kg1
Qxg3 47. Be2 Qe3+ 48. Qxe3 Rxe3 49. Kf2 Rc3 50. Ke1 Rc2 51. g3 Rxa2 0-1

[Event "First Saturday 2009 augusztus FM-C"]
[Site "Budapest"]
[Date "2009.08.04"]
[Round "4"]
[White "Hetesi, Zoltan"]
[Black "Fabian, Laszlo"]
[Result "1/2-1/2"]
[WhiteElo "1509"]
[BlackElo "1777"]
[PlyCount "30"]
[EventDate "2009.08.01"]

1. e4 e5 2. Nf3 Nc6 3. Bc4 Bc5 4. c3 Nf6 5. d4 exd4 6. Ng5 Ne5 7. cxd4 Nxc4 8.
dxc5 O-O 9. Nc3 h6 10. Nf3 d6 11. cxd6 cxd6 12. O-O Re8 13. Re1 Bg4 14. h3 Bxf3
15. Qxf3 Ne5 1/2-1/2

[Event "First Saturday 2009 augusztus FM-C"]
[Site "Budapest"]
[Date "2009.08.04"]
[Round "4"]
[White "Simon, Tamas"]
[Black "Farkas, Richard"]
[Result "0-1"]
[WhiteElo "1808"]
[BlackElo "1818"]
[PlyCount "82"]
[EventDate "2009.08.01"]

1. d4 d5 2. c4 e5 3. dxe5 d4 4. Nf3 Nc6 5. Nbd2 Nge7 6. Nb3 Nf5 7. a3 Be6 8.
Bg5 Qd7 9. Rc1 h6 10. Bf4 g5 11. Bg3 O-O-O 12. Nbd2 Bg7 13. Qa4 Nxg3 14. hxg3
g4 15. Nh2 Bxe5 16. b4 Kb8 17. b5 Ne7 18. Ne4 Bf5 19. Nc5 Qd6 20. Nd3 Ng6 21.
c5 Qe6 22. c6 Bxd3 23. exd3 Bf4+ 24. Be2 Bxc1 25. O-O Bg5 26. Bxg4 f5 27. Bd1
h5 28. Nf3 Bf6 29. Bb3 Qd6 30. Bf7 Ne5 31. Nxe5 Bxe5 32. f4 Bg7 33. Re1 Qf6 34.
Be6 Rde8 35. Qc4 h4 36. cxb7 hxg3 37. Rc1 Re7 38. b6 Qxe6 39. bxc7+ Kxb7 40.
Rb1+ Ka8 41. Qb4 Qe3+ 0-1

[Event "First Saturday 2009 augusztus FM-C"]
[Site "Budapest"]
[Date "2009.08.04"]
[Round "4"]
[White "Kantor, Gergely"]
[Black "Mendege, Andras"]
[Result "1/2-1/2"]
[WhiteElo "1732"]
[BlackElo "1821"]
[PlyCount "66"]
[EventDate "2009.08.01"]

1. d4 Nf6 2. c4 g6 3. Nc3 d5 4. cxd5 Nxd5 5. e4 Nxc3 6. bxc3 Bg7 7. Bg5 O-O 8.
Nf3 Bg4 9. Rc1 c5 10. d5 Nd7 11. Be2 Nf6 12. Qc2 Bxf3 13. Bxf3 Qd7 14. O-O e5
15. a4 Ne8 16. Be3 Qc7 17. Be2 Nd6 18. f3 f5 19. c4 Rae8 20. Bd3 f4 21. Bf2 g5
22. Rfd1 h5 23. Kf1 Rf6 24. Ke2 Rg6 25. Qc3 Kf7 26. Qa3 Rc8 27. h3 h4 28. Rb1
Bf6 29. Be1 Rg7 30. Rb3 Kg6 31. Rdb1 Rb8 32. Bf2 Rc8 33. Be1 Rgg8 1/2-1/2

[Event "First Saturday 2009 augusztus FM-C"]
[Site "Budapest"]
[Date "2009.08.04"]
[Round "4"]
[White "Vinnay, Istvan"]
[Black "Szoukup, Istvan"]
[Result "1/2-1/2"]
[WhiteElo "1819"]
[BlackElo "1783"]
[PlyCount "56"]
[EventDate "2009.08.01"]

1. c4 e5 2. Nc3 Nf6 3. g3 d5 4. cxd5 Nxd5 5. Bg2 Nb6 6. d3 Be7 7. Nf3 Nc6 8.
O-O O-O 9. a3 Be6 10. Be3 f6 11. Rc1 Nd4 12. Nd2 c6 13. f4 Nf5 14. Bf2 exf4 15.
gxf4 Nd5 16. Nxd5 cxd5 17. e4 dxe4 18. dxe4 Nd4 19. Re1 Qd7 20. Nf3 Nxf3+ 21.
Qxf3 Bg4 22. Qe3 b6 23. b4 Rac8 24. h3 Bh5 25. Rxc8 Rxc8 26. Rc1 Rxc1+ 27. Qxc1
Qd1+ 28. Qxd1 Bxd1 1/2-1/2

[Event "First Saturday 2009 augusztus FM-C"]
[Site "Budapest"]
[Date "2009.08.05"]
[Round "5"]
[White "Solti, Gergely"]
[Black "Mihajlova, Diana"]
[Result "1-0"]
[WhiteElo "1839"]
[BlackElo "1527"]
[PlyCount "75"]
[EventDate "2009.08.01"]

1. e4 d5 2. exd5 Nf6 3. d4 Bg4 4. f3 Bf5 5. Ne2 e6 6. Ng3 Bg6 7. dxe6 Nc6 8.
exf7+ Kxf7 9. Bc4+ Nd5 10. O-O Be7 11. Nc3 Ncb4 12. Nge4 c6 13. a3 b5 14. Bb3
Na6 15. f4 Bf5 16. g4 Bxe4 17. Nxe4 h6 18. g5 hxg5 19. fxg5+ Ke8 20. Qg4 c5 21.
Qe6 c4 22. Qc6+ Qd7 23. Qxa8+ Bd8 24. Ba2 Nb6 25. Nd6+ Qxd6 26. Qe4+ Kd7 27.
Rf7+ Be7 28. Bf4 Qe6 29. Qxe6+ Kxe6 30. Rxg7 Rh4 31. Bg3 Rxd4 32. Re1+ Kf5 33.
Rgxe7 Nd7 34. c3 Rd2 35. Bb1+ Kxg5 36. Rf1 Nac5 37. Rf5+ Kg4 38. Rg7+ 1-0

[Event "First Saturday 2009 augusztus FM-C"]
[Site "Budapest"]
[Date "2009.08.05"]
[Round "5"]
[White "Szoukup, Istvan"]
[Black "Jorgensen, Orla  E"]
[Result "1-0"]
[WhiteElo "1783"]
[BlackElo "1660"]
[PlyCount "39"]
[EventDate "2009.08.01"]

1. e4 d6 2. d4 Nf6 3. Nc3 g6 4. Nf3 Bg7 5. Be2 c6 6. a4 a5 7. O-O b6 8. h3 Na6
9. Be3 Nb4 10. Qd2 O-O 11. Rfe1 Bd7 12. Bf1 Rc8 13. Bg5 b5 14. e5 dxe5 15. dxe5
Nfd5 16. Nxd5 cxd5 17. c3 Na6 18. axb5 Nc5 19. Qxd5 Rb8 20. Qxc5 1-0

[Event "First Saturday 2009 augusztus FM-C"]
[Site "Budapest"]
[Date "2009.08.05"]
[Round "5"]
[White "Mendege, Andras"]
[Black "Vinnay, Istvan"]
[Result "0-1"]
[WhiteElo "1821"]
[BlackElo "1819"]
[PlyCount "108"]
[EventDate "2009.08.01"]

1. e4 c5 2. Nf3 e6 3. d4 cxd4 4. Nxd4 Nf6 5. Nc3 d6 6. g4 Nc6 7. g5 Nd7 8. Be3
Be7 9. Rg1 Nxd4 10. Qxd4 e5 11. Qd2 Nc5 12. O-O-O Be6 13. Bb5+ Kf8 14. h4 a6
15. Be2 Qa5 16. Kb1 Nxe4 17. Qd3 Nxc3+ 18. Qxc3 Bxa2+ 19. Kc1 Qxc3 20. bxc3 Be6
21. Kb2 d5 22. Bg4 Rc8 23. f4 exf4 24. Bxf4 Bc5 25. Rg2 Ke7 26. Be5 f6 27. Bd4
Bxd4 28. cxd4 Bxg4 29. Rxg4 f5 30. Rg3 g6 31. Rb3 Rc7 32. Re1+ Kf7 33. Rb6 Rd8
34. Rf6+ Kg7 35. h5 Rf8 36. h6+ Kg8 37. Rd6 f4 38. Rxd5 f3 39. Rf1 f2 40. Re5
Rcf7 41. c4 Rf5 42. Rxf5 Rxf5 43. Kc3 Kf7 44. Kd3 Ke6 45. Ke3 a5 46. Ke2 Kd6
47. Ke3 b6 48. Ke2 Kc6 49. Kd3 b5 50. cxb5+ Kxb5 51. Ke4 Kc6 52. Rc1+ Kd6 53.
Rf1 a4 54. Kd3 Kd5 0-1

[Event "First Saturday 2009 augusztus FM-C"]
[Site "Budapest"]
[Date "2009.08.05"]
[Round "5"]
[White "Farkas, Richard"]
[Black "Fenyvesi, Tamas"]
[Result "0-1"]
[WhiteElo "1818"]
[BlackElo "1794"]
[PlyCount "108"]
[EventDate "2009.08.01"]

1. e4 e6 2. d4 d5 3. Nd2 dxe4 4. Nxe4 Nf6 5. Nxf6+ Qxf6 6. Nf3 h6 7. c3 Bd6 8.
Bc4 Nd7 9. O-O O-O 10. Qc2 e5 11. Re1 exd4 12. Nxd4 Ne5 13. Bd5 c6 14. Be4 Qh4
15. g3 Qh5 16. Bf4 Nc4 17. Bxd6 Nxd6 18. Bg2 Bh3 19. Rad1 Rad8 20. Re7 Bxg2 21.
Kxg2 Qd5+ 22. Nf3 Qxa2 23. Rd4 Qa6 24. Ra4 Qb6 25. Rb4 Qa5 26. Ra4 Qc5 27. Rb4
b5 28. Re5 Qb6 29. Rh5 f5 30. Qb3+ Kh8 31. Ng5 Nc4 32. Rxc4 bxc4 33. Qxb6 axb6
34. Ne6 Rde8 35. Nxf8 Rxf8 36. Rh4 b5 37. Rd4 Kh7 38. Rd6 Rc8 39. Re6 Rc7 40.
Kf3 g6 41. Kf4 Kg7 42. Ke5 b4 43. Kd4 Rd7+ 44. Kxc4 Rd2 45. Rxc6 Rxb2 46. cxb4
Rxf2 47. b5 Rxh2 48. b6 Rb2 49. Rc7+ Kf6 50. b7 Kg5 51. Kd5 Kg4 52. Kc5 g5 53.
Rc6 Rxb7 54. Rxh6 Kxg3 0-1